Estudios sobre reformas al código civil y código de comercio.
Saved in:
| Institution som forfatter: | |
|---|---|
| Format: | Bog |
| Sprog: | spansk |
| Udgivet: |
Santiago, Chile:
Jurídica de Chile,
2000.
|
| Fag: | |
| Tags: |
Tilføj Tag
Ingen Tags, Vær først til at tagge denne postø!
|
MARC
| LEADER | 00000nam a2200000 a 4500 | ||
|---|---|---|---|
| 001 | UCO1921 | ||
| 003 | CL-VaPUC | ||
| 005 | 20220822114344.0 | ||
| 008 | 000525e20000000CL |||||||||||||||||spa|d | ||
| 999 | |c 288489 |d 288487 | ||
| 020 | |a 956-10-1281-2 | ||
| 040 | |c Pontificia Universidad Católica de Valparaíso | ||
| 082 | 0 | 4 | |a 346.83 FUN 2000 |2 21 |
| 110 | 2 | |a Fundación Fernando Fueyo Laneri |e autor |9 444485 | |
| 245 | 1 | 0 | |a Estudios sobre reformas al código civil y código de comercio. |
| 260 | |a Santiago, Chile: |b Jurídica de Chile, |c 2000. | ||
| 300 | |a 356 páginas. | ||
| 500 | |a c.2 Donación Familia Prof. Alejandro Guzmán Brito. | ||
| 583 | |a last modification |c 20000525 00:00:00 |k Rodrigo Vera | ||
| 650 | 0 | |a Código civil |9 256135 | |
| 650 | 0 | |a Código de comercio |9 329302 | |
| 650 | 0 | |a Contrato preparatorio |9 444486 | |
| 650 | 0 | |a Derecho positivo |9 255911 | |
| 650 | 0 | |a Fuentes del derecho |9 255162 | |
| 650 | 0 | |a Interpretación de la ley |9 257376 | |
| 650 | 0 | |a Teoría de la imprevisión |9 380880 | |
| 650 | 0 | |a Derecho internacional privado |9 256361 | |
| 650 | 0 | |a Personalidad jurídica |9 315329 | |
| 650 | 0 | |a Riesgo |9 256420 | |
| 942 | |c BK |2 ddc |n 0 | ||
| 945 | |d 20000525 00:00:00 |a vberengu | ||
| 952 | |0 0 |1 0 |4 0 |6 346_830000000000000_FUN_2000 |7 0 |8 A |9 336178 |a BIBDER |b BIBDER |d 2019-11-20 |i 3597628 |o 346.83 FUN 2000 |p 3597628 |r 2023-01-25 |w 2019-11-20 |y BK |k DER | ||